[Event "Pristina Nderkombetar op"]
[Site "Pristina"]
[Date "2022.06.22"]
[Round "8"]
[White "Hoxha, Abdyl"]
[Black "Krasniqi, Alban"]
[Result "0-1"]
[WhiteElo "2086"]
[BlackElo "2123"]
[PlyCount "80"]
[EventDate "2022.06.17"]
[EventType "swiss"]
[EventRounds "9"]
[EventCountry "KOS"]
[SourceTitle "CBM 209 Extra"]
[Source "ChessBase"]
[SourceDate "2022.09.30"]
[SourceVersion "1"]
[SourceVersionDate "2022.09.30"]
[SourceQuality "1"]

1. e4 c6 2. d4 d5 3. exd5 cxd5 4. Nf3 Nc6 5. c3 Bg4 6. Be2 e6 7. Qb3 Rb8 8. Na3 a6 9. Bf4 Bd6 10. Bxd6 Qxd6 11. Nc2 Nge7 12. Ne3 Bh5 13. Qd1 b5 14. b4 a5 15. a3 a4 16. 0-0 0-0 17. Rc1 f6 18. Ne1 Bxe2 19. Qxe2 e5 20. dxe5 fxe5 21. Nd3 d4 22. cxd4 Nxd4 23. Qa2+ Kh8 24. Nc5 Rf4 25. f3 Rbf8 26. Rce1 h5 27. Kh1 h4 28. Ng4 Ng6 29. Nd3 R4f5 30. Ndf2 Qc6 31. Re4 h3 32. Nxh3 Qxe4 33. fxe4 Rxf1+ 34. Ng1 Re1 35. h3 Rff1 36. Nxe5 Nxe5 37. Qd5 Rxg1+ 38. Kh2 Ne2 39. Qd8+ Kh7 40. Qh4+ Kg6 0-1

[Event "Pristina Nderkombetar op"]
[Site "Pristina"]
[Date "2022.06.20"]
[Round "6"]
[White "Borhy, Marcell Boldizsar"]
[Black "Hoxha, Abdyl"]
[Result "1-0"]
[WhiteElo "2403"]
[BlackElo "2086"]
[PlyCount "94"]
[EventDate "2022.06.17"]
[EventType "swiss"]
[EventRounds "9"]
[EventCountry "KOS"]
[SourceTitle "CBM 209 Extra"]
[Source "ChessBase"]
[SourceDate "2022.09.30"]
[SourceVersion "1"]
[SourceVersionDate "2022.09.30"]
[SourceQuality "1"]

1. Nf3 d5 2. d4 Nf6 3. c4 c6 4. Nc3 e6 5. Bg5 Nbd7 6. e3 Be7 7. Qc2 b6 8. Bd3 Bb7 9. Rd1 Qc8 10. cxd5 cxd5 11. Rc1 a6 12. 0-0 b5 13. Ne5 h6 14. Bh4 Nxe5 15. dxe5 Nd7 16. Bxe7 Kxe7 17. Qb3 Qd8 18. Qb4+ Ke8 19. Bxb5 Qe7 20. Bxd7+ Qxd7 21. Na4 Qb5 22. Qg4 d4 23. Qxg7 Rf8 24. Rc7 Rc8 25. Rxc8+ Bxc8 26. b3 dxe3 27. fxe3 Qe2 28. Qg3 Qxa2 29. Nb6 Bb7 30. Nc4 Qxb3 31. Nd6+ Kd7 32. Qg7 Qxe3+ 33. Kh1 Qe2 34. Rxf7+ Rxf7 35. Qxf7+ Kc6 36. Qxb7+ Kc5 37. Qb1 Qxe5 38. Ne4+ Kd5 39. Nd2 Qe2 40. Qa2+ Kd4 41. Nf3+ Ke3 42. Qxe6+ Kf2 43. Qb6+ Qe3 44. Qb2+ Qe2 45. Qd4+ Qe3 46. Qd1 h5 47. Ng1 Qe5 1-0

[Event "Pristina Nderkombetar op"]
[Site "Pristina"]
[Date "2022.06.18"]
[Round "3"]
[White "Hoxha, Abdyl"]
[Black "Topalli, Ismet"]
[Result "1-0"]
[WhiteElo "2086"]
[BlackElo "1888"]
[PlyCount "96"]
[EventDate "2022.06.17"]
[EventType "swiss"]
[EventRounds "9"]
[EventCountry "KOS"]
[SourceTitle "CBM 209 Extra"]
[Source "ChessBase"]
[SourceDate "2022.09.30"]
[SourceVersion "1"]
[SourceVersionDate "2022.09.30"]
[SourceQuality "1"]

1. e4 e5 2. Bc4 Nf6 3. Nf3 Bd6 4. d3 0-0 5. Bg5 Nc6 6. Nc3 Be7 7. a3 d6 8. h3 Be6 9. Ba2 a6 10. 0-0 Qd7 11. Nd5 Bxd5 12. Bxd5 Rab8 13. Bxc6 bxc6 14. b3 c5 15. a4 Ne8 16. Qd2 f5 17. Rfb1 fxe4 18. dxe4 Bxg5 19. Nxg5 Nf6 20. Qd3 h6 21. Nf3 Qc6 22. Re1 Rb4 23. Nd2 Kh8 24. c3 Rbb8 25. Rab1 Nh5 26. g3 Qd7 27. Kg2 Rf6 28. Re3 a5 29. Rf3 Rg6 30. Kh2 Qe7 31. Nc4 Ra8 32. Qd5 Rf8 33. Qd1 Nf6 34. Qd3 d5 35. Nd2 c6 36. Re1 Rd8 37. exd5 e4 38. Nxe4 Rxd5 39. Nxf6 Rxd3 40. Rxe7 Rd8 41. Nh5 Rb8 42. c4 Rg5 43. g4 Kg8 44. Rc7 Rd8 45. Rff7 Rd3 46. Rxg7+ Rxg7 47. Rxg7+ Kf8 48. Ra7 Rxb3 1-0